Optimalizácia návrhu nosovej konzoly plátovacej komory cyklotrónu DC280
Guardado en:
| Autor principal: | |
|---|---|
| Otros Autores: | |
| Formato: | Manuscrito Libro |
| Lenguaje: | eslovaco |
| Publicado: |
2016
|
| Materias: | |
| Acceso en línea: | http://is.stuba.sk/zp/portal_zp.pl?podrobnosti=119365 |
| Etiquetas: |
Sin Etiquetas, Sea el primero en etiquetar este registro!
|
MARC
| LEADER | 00000ntm a22000003a 4500 | ||
|---|---|---|---|
| 001 | stuzp56806 | ||
| 003 | SK-STU | ||
| 005 | 20160719155109.2 | ||
| 007 | ta | ||
| 008 | 150427s2015----xo-----f-mn---000-0-slo-d | ||
| 040 | |a STU |b slo | ||
| 041 | 0 | |a slo | |
| 100 | 1 | |a Bezecný, Miroslav |u 063000 |k Z4 |4 aut |U MTF Materiálovotechnologická fakulta |T MTF Ústav výrobných technológií |X 44771 |U M3000 |Y 83 |7 A000044771 | |
| 242 | 0 | 1 | |a Design optimization nasal console cladding cyclotron chamber DC280 |y eng |
| 245 | 1 | 0 | |a Optimalizácia návrhu nosovej konzoly plátovacej komory cyklotrónu DC280 |
| 260 | |c 2016 | ||
| 650 | 4 | |a výroba |2 slo | |
| 650 | 4 | |a optimalizácia |2 slo | |
| 650 | 4 | |a meď |2 slo | |
| 650 | 4 | |a optimization |2 eng | |
| 650 | 4 | |a copper |2 eng | |
| 650 | 4 | |a production |2 eng | |
| 700 | 1 | |a Baláž, Rastislav |4 ths |X 83799 |7 83799 | |
| 856 | 4 | |u http://is.stuba.sk/zp/portal_zp.pl?podrobnosti=119365 | |
| 996 | |c M* DP-12825 |l MMSKP |s P |a 0 |w stuzp56806_0001 | ||
| SQL | |a stuzp56806 |b DDP |c SLO |d Optimalizácia návrhu nosovej konzoly plátovacej komory cyklotrónu DC280 |e 44771 |f Bezecný, Miroslav |g 063000 |h 83799 |i Baláž, Rastislav |j 20160607 |k 187 |l 06 |m http://is.stuba.sk/zp/portal_zp.pl?podrobnosti=119365 |n I-PPN |o 5.2.51. výrobné technológie | ||